MySQL / (Record no. 176109)

MARC details
000 -LEADER
fixed length control field 00927nam a22002777a 4500
005 - DATE AND TIME OF LATEST TRANSACTION
control field 20201109134516.0
008 - FIXED-LENGTH DATA ELEMENTS--GENERAL INFORMATION
fixed length control field 080827t xxu||||| |||| 00| 0 eng d
010 ## - LCCN (DPL NO)
LC control number B-094140
020 ## - INTERNATIONAL STANDARD BOOK NUMBER
International Standard Book Number 8131707334
Terms of availability 325.00
035 ## - SYSTEM CONTROL NUMBER
System control number B-094140
037 ## - SOURCE OF ACQUISITION
Stock number 064/10.6.08
Source of stock number/acquisition UBH
040 ## - CATALOGING SOURCE
Original cataloging agency DPL
Language of cataloging English
082 ## - DEWEY DECIMAL CLASSIFICATION NUMBER
Classification number 005.13
100 ## - MAIN ENTRY--PERSONAL NAME
Personal name Ullman, Larry E.
245 ## - TITLE STATEMENT
Title MySQL /
Statement of responsibility, etc by Larry Ullman
250 ## - EDITION STATEMENT
Edition statement 2nd ed.
260 ## - PUBLICATION, DISTRIBUTION, ETC. (IMPRINT)
Place of publication, distribution, etc Delhi
Name of publisher, distributor, etc Pearson Education
Date of publication, distribution, etc 2007
300 ## - PHYSICAL DESCRIPTION
Extent xvi, 327 p. :
Other physical details ill. ;
Dimensions 23 cm (pbk)
490 ## - SERIES STATEMENT
Series statement Visual quickstart guide
500 ## - GENERAL NOTE
General note Includes index.
500 ## - GENERAL NOTE
General note "Covers MySQL 4 and 5"--Cover.
650 ## - SUBJECT ADDED ENTRY--TOPICAL TERM
Topical term or geographic name as entry element SQL (Computer program language)
856 ## - ELECTRONIC LOCATION AND ACCESS
Materials specified Table of contents only
Uniform Resource Identifier <a href="http://www.loc.gov/catdir/toc/fy0702/2006284475.html">http://www.loc.gov/catdir/toc/fy0702/2006284475.html</a>
942 ## - ADDED ENTRY ELEMENTS (KOHA)
Source of classification or shelving scheme Dewey Decimal Classification
Item type English Books
Classification part 005.13
Call number suffix ULL
Holdings
Withdrawn status Lost status Source of classification or shelving scheme Damaged status Not for loan Collection code Home library Current library Date acquired Cost, normal purchase price Total Checkouts Total Renewals Full call number Barcode Date last seen Cost, replacement price Koha item type
    Dewey Decimal Classification     Non-fiction Sarojini Nagar Sarojini Nagar 09/11/2020 150.00 2 1 005.13 ULL B-094140 28/03/2025 150.00 English Books

© Delhi Public Library
Hit Counter
free hit counter